[Event "Unterfranken-ch H2 46th"]
[Site "Karlburg"]
[Date "1995.??.??"]
[Round "?"]
[White "Vollmert, Andreas"]
[Black "Hauck, Juergen"]
[Result "1-0"]
[WhiteElo "1719"]
[BlackElo "1775"]
[PlyCount "51"]
[EventDate "1995.04.17"]
[EventType "swiss"]
[EventRounds "9"]
[EventCountry "GER"]
[SourceTitle "EXT 2015"]
[Source "ChessBase"]
[SourceDate "2014.11.20"]
[SourceVersion "1"]
[SourceVersionDate "2014.11.20"]
[SourceQuality "1"]

1. e4 d5 2. d4 dxe4 3. Nc3 Nf6 4. f3 exf3 5. Nxf3 e6 6. Be3 c6 7. Bd3 Bb4 8. 0-0 Bxc3 9. bxc3 Nbd7 10. Ne5 Nxe5 11. dxe5 Nd7 12. Qg4 g6 13. Qg3 Qe7 14. Rf2 h6 15. Raf1 Rh7 16. Rxf7 Rxf7 17. Bxg6 Kd8 18. Rxf7 Qa3 19. Qh4+ Kc7 20. Qd4 b6 21. Rh7 Qxa2 22. Qd6+ Kb7 23. Rxd7+ Bxd7 24. Qxd7+ Ka6 25. Bd3+ Ka5 26. Qxc6 1-0

[Event "Unterfranken-ch H2 46th"]
[Site "Karlburg"]
[Date "1995.??.??"]
[Round "?"]
[White "Vollmert, Andreas"]
[Black "Schricker, Jochen"]
[Result "0-1"]
[WhiteElo "1719"]
[BlackElo "1892"]
[PlyCount "28"]
[EventDate "1995.04.17"]
[EventType "swiss"]
[EventRounds "9"]
[EventCountry "GER"]
[SourceTitle "EXT 2015"]
[Source "ChessBase"]
[SourceDate "2014.11.20"]
[SourceVersion "1"]
[SourceVersionDate "2014.11.20"]
[SourceQuality "1"]

1. d4 c5 2. d5 Nf6 3. c4 Ne4 4. f3 Qa5+ 5. Nd2 Nd6 6. e4 g6 7. Bd3 b5 8. cxb5 c4 9. Be2 Bg7 10. Nh3 a6 11. b6 Qxb6 12. Nf2 c3 13. bxc3 Bxc3 14. Rb1 Qxb1 0-1

[Event "Unterfranken-ch H2 46th"]
[Site "Karlburg"]
[Date "1995.??.??"]
[Round "?"]
[White "Werner, Stefan1111"]
[Black "Vollmert, Andreas"]
[Result "0-1"]
[WhiteElo "1630"]
[BlackElo "1719"]
[PlyCount "82"]
[EventDate "1995.04.17"]
[EventType "swiss"]
[EventRounds "9"]
[EventCountry "GER"]
[SourceTitle "EXT 2015"]
[Source "ChessBase"]
[SourceDate "2014.11.20"]
[SourceVersion "1"]
[SourceVersionDate "2014.11.20"]
[SourceQuality "1"]

1. d4 Nf6 2. c4 e6 3. a3 c5 4. Nf3 cxd4 5. Nxd4 Nc6 6. e3 d5 7. Nc3 Be7 8. b4 dxc4 9. Bxc4 Nxd4 10. exd4 0-0 11. Bb2 a6 12. 0-0 Bd7 13. d5 exd5 14. Nxd5 Bc6 15. Nxe7+ Qxe7 16. Re1 Qd8 17. Qb3 b5 18. Bf1 Bd5 19. Qg3 Be6 20. Rad1 Qe7 21. Bd4 Rfc8 22. f4 Nh5 23. Qf3 Qh4 24. g3 Qg4 25. Bg2 Rd8 26. Rxe6 Qxe6 27. Qxh5 Rac8 28. Bc5 Qb3 29. Bd5 Qc2 30. Bxf7+ Kh8 31. Rxd8+ Rxd8 32. Bd5 Qc1+ 33. Kg2 Qd2+ 34. Kh3 Qxd5 35. Qxd5 Rxd5 36. Kg4 Rd3 37. h3 Rxa3 38. h4 a5 39. bxa5 Rxa5 40. Bb4 Ra4 41. Bc3 b4 0-1

[Event "Unterfranken-ch HB 44th"]
[Site "Rieneck"]
[Date "1993.??.??"]
[Round "5"]
[White "Kalusche, Christiane"]
[Black "Vollmert, Andreas"]
[Result "1/2-1/2"]
[WhiteElo "1626"]
[BlackElo "1627"]
[PlyCount "62"]
[EventDate "1993.04.12"]
[EventType "swiss"]
[EventRounds "9"]
[EventCountry "GER"]
[SourceTitle "EXT 2015"]
[Source "ChessBase"]
[SourceDate "2014.11.20"]
[SourceVersion "1"]
[SourceVersionDate "2014.11.20"]
[SourceQuality "1"]

1. e4 d6 2. g3 Nf6 3. Bg2 Bg4 4. f3 Bd7 5. d3 Nc6 6. Nh3 e5 7. Nf2 g6 8. Nc3 Bg7 9. Be3 Be6 10. Ne2 Qd7 11. c3 0-0 12. d4 d5 13. dxe5 Nxe5 14. Bd4 Nc6 15. e5 Ne8 16. Bc5 Ne7 17. f4 b6 18. Bxe7 Qxe7 19. Nd4 c5 20. Nxe6 fxe6 21. c4 Rd8 22. cxd5 exd5 23. Bxd5+ Kh8 24. Qb3 Bxe5 25. fxe5 Qxe5+ 26. Be4 Nf6 27. Qc3 Qxc3+ 28. bxc3 Nxe4 29. Nxe4 Rfe8 30. 0-0 Rxe4 31. Rf7 Rde8 1/2-1/2

[Event "Unterfranken-ch HB 44th"]
[Site "Rieneck"]
[Date "1993.??.??"]
[Round "4"]
[White "Vollmert, Andreas"]
[Black "Wuttig, Michael"]
[Result "0-1"]
[WhiteElo "1627"]
[BlackElo "1751"]
[PlyCount "56"]
[EventDate "1993.04.12"]
[EventType "swiss"]
[EventRounds "9"]
[EventCountry "GER"]
[SourceTitle "EXT 2015"]
[Source "ChessBase"]
[SourceDate "2014.11.20"]
[SourceVersion "1"]
[SourceVersionDate "2014.11.20"]
[SourceQuality "1"]

1. d4 Nf6 2. c4 g6 3. Nc3 Bg7 4. e4 d6 5. f3 0-0 6. Bg5 c5 7. d5 Na6 8. Qd2 Nc7 9. h4 h5 10. Be2 Kh7 11. g4 Rh8 12. Bxf6 Bxf6 13. gxh5 Kg7 14. f4 gxh5 15. Nf3 Kf8 16. 0-0-0 Bg4 17. Ng5 Bxe2 18. Qxe2 Bxc3 19. bxc3 f6 20. e5 fxg5 21. fxg5 Kg7 22. Rhf1 Qe8 23. g6 Rf8 24. Rf7+ Rxf7 25. gxf7 Qxf7 26. Rg1+ Kh7 27. Qe4+ Kh8 28. Qe3 Rg8 0-1